[Event "POR-chT 50th"]
[Site "Evora"]
[Date "2008.07.26"]
[Round "1"]
[White "Santos, Micael Costa"]
[Black "Diogo, Vasco Andre Marcalo"]
[Result "0-1"]
[WhiteElo "2053"]
[BlackElo "2294"]
[PlyCount "110"]
[EventDate "2008.07.26"]
[EventType "team-tourn"]
[EventRounds "9"]
[EventCountry "POR"]
[SourceTitle "EXT 2009"]
[Source "ChessBase"]
[SourceDate "2008.11.26"]
[SourceVersion "1"]
[SourceVersionDate "2008.11.26"]
[SourceQuality "1"]

1. d4 Nf6 2. Nf3 g6 3. c4 Bg7 4. Nc3 0-0 5. e4 d6 6. Be2 e5 7. d5 a5 8. h3 Nbd7 9. Be3 Nc5 10. Qc2 Nh5 11. Qd2 a4 12. Rd1 Nf4 13. Bf1 f5 14. Bxc5 dxc5 15. g3 Nh5 16. Be2 f4 17. g4 Nf6 18. Qc2 a3 19. b3 Ne8 20. Nd2 Nd6 21. Bf3 Bd7 22. h4 h6 23. h5 Qg5 24. Ke2 Bxg4 25. hxg6 h5 26. Rdg1 Rf6 27. Kd3 Rxg6 28. Qd1 Kf7 29. Nb5 Ne8 30. Rxh5 Qxh5 31. Bxg4 Rxg4 32. Qxg4 Qxg4 33. Rxg4 c6 34. dxc6 bxc6 35. Nc3 Nc7 36. Nf3 Bf6 37. Na4 Na6 38. Ke2 Nb4 39. Nc3 Rb8 40. Nd2 Nc2 41. Rg1 Nd4+ 42. Kd1 Rh8 43. Ncb1 Rh2 44. Nxa3 Rxf2 45. Rf1 Rg2 46. Nc2 Nxc2 47. Kxc2 Bd8 48. Rf3 Ba5 49. Rd3 Ke6 50. Kd1 Rh2 51. a4 Bb4 52. Ke1 Bxd2+ 53. Rxd2 Rh3 54. Rb2 Rh1+ 55. Kd2 Rh2+ 0-1

[Event "Lisbon National-B"]
[Site "Lisbon"]
[Date "2008.??.??"]
[Round "3"]
[White "Andrade, Bruno Miguel Rodrig"]
[Black "Santos, Micael Costa"]
[Result "1-0"]
[WhiteElo "2083"]
[BlackElo "2026"]
[PlyCount "93"]
[EventDate "2008.06.26"]
[EventType "tourn"]
[EventRounds "9"]
[EventCountry "POR"]
[SourceTitle "EXT 2011"]
[Source "ChessBase"]
[SourceDate "2010.11.26"]
[SourceVersion "1"]
[SourceVersionDate "2010.11.26"]
[SourceQuality "1"]

1. e4 c5 2. Nf3 a6 3. d4 cxd4 4. Nxd4 Nf6 5. Bc4 Nxe4 6. Bxf7+ Kxf7 7. Qh5+ g6 8. Qd5+ e6 9. Qxe4 d5 10. Qe2 Bg7 11. Nf3 Rf8 12. 0-0 Kg8 13. c4 Qd6 14. Rd1 Nc6 15. Nc3 d4 16. Ne4 Qc7 17. c5 e5 18. Qc4+ Kh8 19. Nd6 Bg4 20. Rd3 Bxf3 21. Rxf3 Rxf3 22. gxf3 Rf8 23. Bd2 e4 24. f4 Bh6 25. Qe6 e3 26. fxe3 Nd8 27. Qd5 Qd7 28. Qxd4+ Bg7 29. Qe4 Bxb2 30. Rb1 Bg7 31. Rc1 Nc6 32. Bc3 Bxc3 33. Rxc3 Qg4+ 34. Qg2 Qd1+ 35. Qf1 Qd2 36. Ne4 Qxa2 37. Ng5 Ne5 38. Qc1 h6 39. Rc2 Qd5 40. Rd2 Nf3+ 41. Nxf3 Qxf3 42. Rd6 Qg4+ 43. Kf2 Qh4+ 44. Ke2 Qxh2+ 45. Kd3 Qg2 46. Rd7 Qa2 47. Kd4 1-0

[Event "Lisbon National-B"]
[Site "Lisbon"]
[Date "2008.??.??"]
[Round "4"]
[White "Santos, Micael Costa"]
[Black "Leite Oralova, Catarina"]
[Result "0-1"]
[WhiteElo "2026"]
[BlackElo "2202"]
[PlyCount "86"]
[EventDate "2008.06.26"]
[EventType "tourn"]
[EventRounds "9"]
[EventCountry "POR"]
[SourceTitle "EXT 2011"]
[Source "ChessBase"]
[SourceDate "2010.11.26"]
[SourceVersion "1"]
[SourceVersionDate "2010.11.26"]
[SourceQuality "1"]

1. e4 e5 2. Nf3 Nc6 3. Bb5 a6 4. Bxc6 dxc6 5. 0-0 Bg4 6. h3 h5 7. d3 Qf6 8. Nbd2 Ne7 9. Re1 Ng6 10. Nb3 Bxf3 11. Qxf3 Qxf3 12. gxf3 Nh4 13. Re3 Be7 14. d4 exd4 15. Nxd4 Bc5 16. c3 0-0-0 17. Bd2 Bxd4 18. cxd4 Rxd4 19. Bc3 Rd7 20. Kh2 f5 21. e5 f4 22. Re4 Nxf3+ 23. Kg2 Ng5 24. Rxf4 Ne6 25. Re4 g5 26. h4 g4 27. Rae1 Rf8 28. R4e3 Rdf7 29. Rf1 c5 30. a4 Rf3 31. Bd2 b5 32. axb5 axb5 33. Rxf3 Rxf3 34. Ra1 Rf5 35. Re1 Kd7 36. Kg3 Rf3+ 37. Kg2 Kc6 38. Re3 Rf5 39. b4 c4 40. Bc3 Nf4+ 41. Kg3 Nd5 42. Bd4 Nxe3 43. fxe3 Kd5 0-1